Prospects and policies /

Bibliographic Details
Main Author: Morrison, Herbert, 1888-1965
Format: Book
Language:English
Published: New York : A.A.Knopf, 1944.
Subjects:

MARC

Tag First Indicator Second Indicator Subfields
LEADER 00000cam a2200000 4500
001 in00000066453
005 20151007083538.0
008 720412s1944 nyu 00000 eng u
010 |a  44003977  
035 |a (OCoLC)00282936 
035 |9 AAF9526AM 
040 |c YNG  |d TXA  |d UtOrBLW 
049 |a TXAM  |c [118519] 
050 0 |a HC256.4  |b .M63 1944 
092 |a 330.942  |b M879p, 1944 
100 1 |a Morrison, Herbert,  |d 1888-1965. 
245 1 0 |a Prospects and policies /  |c by the Rt. Hon. Herbert Morrison. 
264 1 |a New York :  |b A.A.Knopf,  |c 1944. 
300 |a xxvi, 170 pages, 1 . 
336 |a text  |b txt  |2 rdacontent 
337 |a unmediated  |b n  |2 rdamedia 
338 |a volume  |b nc  |2 rdacarrier 
500 |a Speeches. 
500 |a "First edition." 
650 0 |a Reconstruction (1939-1951)  |z Great Britain. 
651 0 |a Great Britain  |x Economic policy. 
999 |a MARS 
999 f f |s 175a9042-14f7-3249-b731-532cbb95f50b  |i ba35ebfb-03d6-39d3-8dc8-933a4b2da5a3  |t 0 
952 f f |p ric  |a Texas A&M University  |b Rellis Campus  |c Joint Library Facility  |d Remote Storage  |t 0  |e HC256.4 .M63 1944  |h Library of Congress classification  |i unmediated -- volume  |m A14800701564 
998 f f |a HC256.4 .M63 1944  |t 0  |l Remote Storage